000 00583nam a2200181Ia 4500
003 GCL
008 140319s9999 xx 000 0 ara d
040 _aGCL /
_cGCL
082 0 4 _a210
_bع م
100 1 _aعباس محمود العقاد
245 1 0 _aحقائق الاسلام واباطيل خصومه /
_cعباس محمود العقاد
300 _a232 ص
490 _aموسوعة عباس محمود العقاد الاسلامية
_v0
650 0 4 _aالاسلام
650 0 4 _aانتشار الاسلام
650 0 4 _aالاسلام - تاريخ
942 _2ddc
_cBK
999 _c51705
_d51705